| 000 | 00984naa a22002777a 4500 | ||
|---|---|---|---|
| 001 | BR7902612 | ||
| 003 | BR-BrBNA | ||
| 005 | 20250714163003.0 | ||
| 007 | ta | ||
| 008 | 250630b bl.|||m| |||| 00| 0 por d | ||
| 040 |
_aBR-BrBNA _bpor _cBiblioteca Nacional de Agricultura |
||
| 041 | _a(Pt) | ||
| 072 |
_aH60 _b0170 |
||
| 090 | _aH60 BR7902612 | ||
| 100 | 1 | _aAlmeida, F. de S. | |
| 245 | 1 | _aControle de ervas invasoras [Controle mecanico, Controle quimico, Sorgo, Sorghum spp] | |
| 500 | _aManual agropecuario para o Parana Londrina, PR (Brasil): 1978. p. 418-419 (BR7902612-AMS) | ||
| 773 | 0 |
_tManual agropecuario para o Parana _wH60 BR7902612 _gLondrina, PR (Brasil), 1978. p. 418-419 |
|
| 650 | _aERVA DANINHA | ||
| 650 | _aSORGO | ||
| 650 | _aCONTROLE MECANICO | ||
| 650 | _aCONTROLE QUIMICO | ||
| 490 |
_aManual Agropecuario para o Parana - Fundacao Instituto Agronomico do Parana (Brazil) _vv. 2 |
||
| 942 |
_cAMS _2AGRIS |
||
| 909 |
_a202506 _bLúcia _c55 _dLúcia Elande |
||
| 999 |
_c333289 _d333289 |
||